000 00618nam a2200241Ia 4500
003 OSt
005 20220918203426.0
006 a|||||r|||| 00| 0
007 ta
008 220917b |||||||| |||| 00| 0 eng d
024 _a108,209
037 _cTextual
040 _aARTS
_cARTS
_beng
041 _2eng
_aeng
082 _aV44Q7y7M75, L6-;1
100 _aHarris M A
_9108516
245 0 _aQuaid i Azam
260 _aKarachi
_bTimes Press Pakistan
_c1976
300 _a176p.
_ccm.
650 _aHISTORY
942 _hV44Q7y7M75, L6-;1
_cTEXL
_2CC
999 _c231563
_d231563